<?xml version="1.0" encoding="UTF-8"?>
<record
    xmlns:xsi="http://www.w3.org/2001/XMLSchema-instance"
    xsi:schemaLocation="http://www.loc.gov/MARC21/slim http://www.loc.gov/standards/marcxml/schema/MARC21slim.xsd"
    xmlns="http://www.loc.gov/MARC21/slim">

  <leader>00712nam a22001577a 4500</leader>
  <controlfield tag="003">OSt</controlfield>
  <controlfield tag="005">20150914095358.0</controlfield>
  <controlfield tag="008">150914b        xxu||||| |||| 00| 0 eng d</controlfield>
  <datafield tag="040" ind1=" " ind2=" ">
    <subfield code="c">RUA</subfield>
  </datafield>
  <datafield tag="082" ind1=" " ind2=" ">
    <subfield code="a">AGR KLO 2000 B022 Or.1</subfield>
  </datafield>
  <datafield tag="100" ind1=" " ind2=" ">
    <subfield code="9">432</subfield>
    <subfield code="a">KLOT, SAMOEUN.</subfield>
  </datafield>
  <datafield tag="245" ind1=" " ind2=" ">
    <subfield code="a">&#x17A5;&#x1791;&#x17D2;&#x1792;&#x17B7;&#x1796;&#x179B;&#x1790;&#x17D2;&#x1793;&#x17B6;&#x17C6;&#x1780;&#x179F;&#x17B7;&#x1780;&#x1798;&#x17D2;&#x1798;&#x1795;&#x17D2;&#x179F;&#x17C6;&#x1796;&#x17B8;&#x179A;&#x17BB;&#x1780;&#x17D2;&#x1781;&#x1787;&#x17B6;&#x178F;&#x17B7;&#x1791;&#x17C5;&#x179B;&#x17BE;&#x1781;&#x17D2;&#x1798;&#x17BC;&#x178F;&#x1780;&#x17B6;&#x179B;&#x17CB;&#x17A1;&#x17BC;&#x179F;&#x17BC;&#x1794;&#x17D2;&#x179A;&#x17BC;&#x1782;&#x17BB;&#x179B; &#x1798;&#x17C9;&#x17B6;&#x1782;&#x17BB;&#x179B;&#x17A1;&#x17B6;&#x1791;&#x17BB;&#x179F; &#x178A;&#x17C2;&#x179B;&#x1794;&#x17C6;&#x1795;&#x17D2;&#x179B;&#x17B6;&#x1789;&#x179F;&#x178E;&#x17D2;&#x178F;&#x17C2;&#x1780;&#x1794;&#x17B6;&#x1799;&#x179F;&#x17D2;&#x178F;&#x17BB;&#x1780; (effect of botanicals on mungbean storage pest callosobruchus maculatus)</subfield>
  </datafield>
  <datafield tag="260" ind1=" " ind2=" ">
    <subfield code="a">Phnom Penh</subfield>
    <subfield code="b">RUA</subfield>
    <subfield code="c">2000</subfield>
  </datafield>
  <datafield tag="300" ind1=" " ind2=" ">
    <subfield code="a">72p.</subfield>
    <subfield code="b">ill.</subfield>
    <subfield code="c">29cm.</subfield>
  </datafield>
  <datafield tag="942" ind1=" " ind2=" ">
    <subfield code="2">ddc</subfield>
    <subfield code="c">AGR</subfield>
  </datafield>
  <datafield tag="999" ind1=" " ind2=" ">
    <subfield code="c">410</subfield>
    <subfield code="d">410</subfield>
  </datafield>
  <datafield tag="952" ind1=" " ind2=" ">
    <subfield code="0">0</subfield>
    <subfield code="1">0</subfield>
    <subfield code="2">ddc</subfield>
    <subfield code="4">0</subfield>
    <subfield code="6">AGR_KLO_2000_000000000000000_B022_OR_1</subfield>
    <subfield code="7">0</subfield>
    <subfield code="9">1882</subfield>
    <subfield code="a">LBB</subfield>
    <subfield code="b">LBB</subfield>
    <subfield code="c">B022</subfield>
    <subfield code="d">2015-09-14</subfield>
    <subfield code="o">AGR KLO 2000 B022 Or.1</subfield>
    <subfield code="p">RUA001849</subfield>
    <subfield code="r">2015-09-14</subfield>
    <subfield code="w">2015-09-14</subfield>
    <subfield code="y">AGR</subfield>
  </datafield>
  <datafield tag="952" ind1=" " ind2=" ">
    <subfield code="0">0</subfield>
    <subfield code="1">0</subfield>
    <subfield code="2">ddc</subfield>
    <subfield code="4">0</subfield>
    <subfield code="6">AGR_KLO_2000_000000000000000_B022_OR_2</subfield>
    <subfield code="7">0</subfield>
    <subfield code="9">1883</subfield>
    <subfield code="a">LBB</subfield>
    <subfield code="b">LBB</subfield>
    <subfield code="c">B022</subfield>
    <subfield code="d">2015-09-14</subfield>
    <subfield code="o">AGR KLO 2000 B022 Or.2</subfield>
    <subfield code="p">RUA001709</subfield>
    <subfield code="r">2015-09-14</subfield>
    <subfield code="w">2015-09-14</subfield>
    <subfield code="y">AGR</subfield>
  </datafield>
  <datafield tag="952" ind1=" " ind2=" ">
    <subfield code="0">0</subfield>
    <subfield code="1">0</subfield>
    <subfield code="2">ddc</subfield>
    <subfield code="4">0</subfield>
    <subfield code="6">AGR_KLO_2000_000000000000000_B022_OR_3</subfield>
    <subfield code="7">0</subfield>
    <subfield code="9">1884</subfield>
    <subfield code="a">LBB</subfield>
    <subfield code="b">LBB</subfield>
    <subfield code="c">B022</subfield>
    <subfield code="d">2015-09-14</subfield>
    <subfield code="o">AGR KLO 2000 B022 Or.3</subfield>
    <subfield code="p">RUA001991</subfield>
    <subfield code="r">2015-09-14</subfield>
    <subfield code="w">2015-09-14</subfield>
    <subfield code="y">AGR</subfield>
  </datafield>
  <datafield tag="952" ind1=" " ind2=" ">
    <subfield code="0">0</subfield>
    <subfield code="1">0</subfield>
    <subfield code="2">ddc</subfield>
    <subfield code="4">0</subfield>
    <subfield code="6">AGR_KLO_2000_000000000000000_B022_OR_4</subfield>
    <subfield code="7">0</subfield>
    <subfield code="9">1885</subfield>
    <subfield code="a">LBB</subfield>
    <subfield code="b">LBB</subfield>
    <subfield code="c">B022</subfield>
    <subfield code="d">2015-09-14</subfield>
    <subfield code="o">AGR KLO 2000 B022 Or.4</subfield>
    <subfield code="p">RUA001783</subfield>
    <subfield code="r">2015-09-14</subfield>
    <subfield code="w">2015-09-14</subfield>
    <subfield code="y">AGR</subfield>
  </datafield>
  <datafield tag="952" ind1=" " ind2=" ">
    <subfield code="0">0</subfield>
    <subfield code="1">0</subfield>
    <subfield code="2">ddc</subfield>
    <subfield code="4">0</subfield>
    <subfield code="6">AGR_KLO_2000_000000000000000_B022_OR_5</subfield>
    <subfield code="7">0</subfield>
    <subfield code="9">1886</subfield>
    <subfield code="a">LBB</subfield>
    <subfield code="b">LBB</subfield>
    <subfield code="c">B022</subfield>
    <subfield code="d">2015-09-14</subfield>
    <subfield code="o">AGR KLO 2000 B022 Or.5</subfield>
    <subfield code="p">RUA001631</subfield>
    <subfield code="r">2015-09-14</subfield>
    <subfield code="w">2015-09-14</subfield>
    <subfield code="y">AGR</subfield>
  </datafield>
  <datafield tag="952" ind1=" " ind2=" ">
    <subfield code="0">0</subfield>
    <subfield code="1">0</subfield>
    <subfield code="2">ddc</subfield>
    <subfield code="4">0</subfield>
    <subfield code="6">AGR_KLO_2000_000000000000000_B022_OR_6</subfield>
    <subfield code="7">0</subfield>
    <subfield code="9">1887</subfield>
    <subfield code="a">LBB</subfield>
    <subfield code="b">LBB</subfield>
    <subfield code="c">B022</subfield>
    <subfield code="d">2015-09-14</subfield>
    <subfield code="o">AGR KLO 2000 B022 Or.6</subfield>
    <subfield code="p">RUA001843</subfield>
    <subfield code="r">2015-09-14</subfield>
    <subfield code="w">2015-09-14</subfield>
    <subfield code="y">AGR</subfield>
  </datafield>
  <datafield tag="952" ind1=" " ind2=" ">
    <subfield code="0">0</subfield>
    <subfield code="1">0</subfield>
    <subfield code="2">ddc</subfield>
    <subfield code="4">0</subfield>
    <subfield code="6">AGR_KLO_2000_000000000000000_B022_OR_7</subfield>
    <subfield code="7">0</subfield>
    <subfield code="9">1888</subfield>
    <subfield code="a">LBB</subfield>
    <subfield code="b">LBB</subfield>
    <subfield code="c">B022</subfield>
    <subfield code="d">2015-09-14</subfield>
    <subfield code="l">1</subfield>
    <subfield code="o">AGR KLO 2000 B022 Or.7</subfield>
    <subfield code="p">RUA001915</subfield>
    <subfield code="r">2017-07-25</subfield>
    <subfield code="s">2017-01-16</subfield>
    <subfield code="w">2015-09-14</subfield>
    <subfield code="y">AGR</subfield>
  </datafield>
  <datafield tag="952" ind1=" " ind2=" ">
    <subfield code="0">0</subfield>
    <subfield code="1">0</subfield>
    <subfield code="2">ddc</subfield>
    <subfield code="4">0</subfield>
    <subfield code="6">AGR_KLO_2000_000000000000000_B022_OR_8</subfield>
    <subfield code="7">0</subfield>
    <subfield code="9">1889</subfield>
    <subfield code="a">LBB</subfield>
    <subfield code="b">LBB</subfield>
    <subfield code="c">B022</subfield>
    <subfield code="d">2015-09-14</subfield>
    <subfield code="o">AGR KLO 2000 B022 Or.8</subfield>
    <subfield code="p">RUA001919</subfield>
    <subfield code="r">2015-09-14</subfield>
    <subfield code="w">2015-09-14</subfield>
    <subfield code="y">AGR</subfield>
  </datafield>
</record>
